000 01155nam a2200325 i 4500
001 768714001
003 CO-MdFUSB
005 20240618062722.0
007 ta
008 220219t1992 ec acd|| |||| 00| 0 spa d
020 _a9978821694
040 _aCO-MdFUSB
_bspa
_cCO-MdFUSB
_dCO-MdFUSBC
_erda
041 _aspa
082 _223
_a305.8986
_bB275
100 _aBarriga López, Franklin,
_eautor
245 3 _aLas culturas indígenas ecuatorianas y el Instituto Lingüístico de Verano
_c/ Franklin Barriga López
264 1 _aBuenos Aires, Argentina :
_bEdiciones Amauta,
_c[1992]
264 4 _c© 1992
300 _a453 páginas
_c; 23 cm
336 _2rdacontent
_atexto
_btxt
337 _2rdamedia
_asin mediación
_bn
338 _2rdacarrier
_avolumen
_bnc
505 _a¿Grupos étnicos o nacionalidades? -- Acusaciones en contra del ILV. -- Testimonios de personalidades ecuatorianas, de la prensa nacional y de líderes indígenas.
563 _aRústico
650 0 _aMisiones
_9154
650 0 _9691
_aIndígenas
_xLenguaje
_zAmérica Latina
653 _aGrupos indígenas de América del Sur
942 _cBK
945 _aJTF-925
999 _c67268
_d67268